Flags of Every First Level Subdivision A-G - Statistics

General Stats
  • This quiz has been taken 96 times
  • The average score is 49 of 499
Answer Stats
Picture Hint Answer % Correct
Åland
81%
Greenland
70%
Corsica
67%
Bayern
65%
Hong Kong
63%
Brittany
61%
Føroyar
61%
Christmas Island
59%
French Guiana
57%
Alberta
56%
British Columbia
56%
Guadeloupe
56%
Nunavut
56%
Acre
54%
Berlin
54%
Cocos (Keeling) Islands
52%
Quebec
52%
Norfolk Island
50%
Macau
46%
Ontario
46%
Amazonas
44%
Flanders
43%
Manitoba
43%
New Brunswick
41%
Newfoundland and Labrador
41%
Nova Scotia
41%
São Paulo
41%
Wallonia
41%
Mayotte
39%
Northern Territory
39%
Queensland
39%
New South Wales
37%
Northwest Territories
37%
Brussels-Capital Region
35%
Bahia
33%
Brandenburg
33%
Goiás
33%
Hamburg
33%
Victoria
33%
Western Australia
33%
Adjara
31%
Bremen
31%
Martinique
31%
South Australia
31%
Tasmania
31%
Alexandria
30%
Córdoba
30%
Normandie
30%
Prince Edward Island
30%
Tierra del Fuego
30%
Amazonas
28%
Saskatchewan
28%
Yukon
28%
Addis Ababa
26%
Amapá
26%
Anjouan
26%
Grande Comore
26%
De Jure Region Only Autonomous Republic of Abkhazia
24%
Barbuda
24%
Buenos Aires
24%
Espírito Santo
24%
Hauts-de-France
24%
Pará
24%
Paraíba
24%
Australian Capital Territory
22%
Catamarca
22%
Corrientes
22%
Giza
22%
Maranhão
22%
Minas Gerais
22%
Niedersachsen
22%
Paraná
22%
Pernambuco
22%
Auvergne-Rhône-Alpes
20%
Baden-Württemberg
20%
Ceará
20%
Chubut
20%
Magallanes y la Antártica Chilena
20%
Mato Grosso
20%
Tocantins
20%
Alagoas
19%
Andorra La Vella
19%
Entre Ríos
19%
Formosa
19%
Rio Grande do Sul
19%
Santa Fe
19%
Abidjan
17%
Cairo
17%
Distrito Federal
17%
Jujuy
17%
La Rioja
17%
Mato Grosso do Sul
17%
Occitània
17%
Piauí
17%
Rheinland-Pfalz
17%
Rio de Janeiro
17%
Rondônia
17%
Roraima
17%
Saarland
17%
Tirol
17%
Antofagasta
15%
Bourgogne-Franche-Comté
15%
Chaco
15%
Galápagos
15%
Mendoza
15%
Provence-Alpes-Côte d'Azur
15%
Rio Grande do Norte
15%
Sachsen-Anhalt
15%
Santa Cruz
15%
Sergipe
15%
Tucumán
15%
Afar
13%
Beni
13%
Canillo
13%
City of Minsk
13%
Encamp
13%
Guatemala
13%
Luxor
13%
Mecklenburg-Vorpommern
13%
Mohéli
13%
Neuquén
13%
Nordrhein-Westfalen
13%
Pays de la Loire
13%
Río Negro
13%
Santiago del Estero
13%
Wien
13%
Atacama
11%
Brest
11%
Coquimbo
11%
Gaborone
11%
Grodno
11%
La Pampa
11%
Misiones
11%
Northern Governorate
11%
North Sinai
11%
Port Said
11%
Sachsen
11%
Salzburg
11%
Santa Catarina
11%
Zagreb
11%
Autonomous City of Buenos Aires
9%
Baku
9%
Banjul
9%
Biobío
9%
Capital Governorate
9%
Centre-Val de Loire
9%
Dire Dawa
9%
Gomel
9%
Hessen
9%
Minsk
9%
Monastic Community of Mount Athos
9%
Nouvelle-Aquitaine
9%
Petén
9%
Salta
9%
San Andrés y Providencia
9%
San Juan
9%
Sofia
9%
Somali
9%
South Sinai
9%
Valparaíso
9%
Alta Verapaz
7%
Amhara
7%
Aswan
7%
Asyut
7%
Baja Verapaz
7%
Beheira
7%
Berat
7%
Bogotá
7%
Bolívar
7%
City of Zagreb
7%
Córdoba
7%
Dakahlia
7%
Durrës
7%
Escaldes-Engordany
7%
Hovedstaden
7%
La Paz
7%
Mogilev
7%
Muharraq Governorate
7%
Nakhchivan Autonomous Republic
7%
San Luis
7%
Santa Cruz
7%
Santiago
7%
Suez
7%
Thüringen
7%
Tigray
7%
Vitebsk
7%
Antioquia
6%
Araucanía
6%
Arica y Parinacota
6%
Aysén del General Carlos Ibáñez del Campo
6%
Bolívar
6%
Boyacá
6%
Burgenland
6%
Casanare
6%
Central Bohemian
6%
Chalatenango
6%
Chocó
6%
Cochabamba
6%
Cuscatlán
6%
Damietta
6%
Elbasan
6%
El Progreso
6%
Faiyum
6%
Francistown
6%
Gambela
6%
Guayas
6%
Heredia
6%
Hradec Králové
6%
Huehuetenango
6%
Kafr El Sheikh
6%
Kinshasa
6%
La Massana
6%
Libertador General Bernardo O'Higgins
6%
Los Lagos
6%
Los Ríos
6%
Maule
6%
Metropolitana de Santiago
6%
Midtjylland
6%
Minya
6%
Ober­österreich
6%
Ordino
6%
Oromia
6%
Plovdiv
6%
Pohjois-Savo
6%
Republika Srpska
6%
San José
6%
San Miguel
6%
San Salvador
6%
Santa Cruz
6%
Santander
6%
Sant Julià de Lòria
6%
Schleswig-Holstein
6%
Sohag
6%
Southern Governorate
6%
Split-Dalmatia
6%
Tarapacá
6%
Tbilisi
6%
Tirana / Tiranës
6%
Varna
6%
Zlín
6%
Ahuachapán
4%
Arauca
4%
Atlántico
4%
Azuay
4%
Beni Suef
4%
Burgas
4%
Cabañas
4%
Caldas
4%
Cañar
4%
Caquetá
4%
Carchi
4%
Cauca
4%
Cesar
4%
Chimborazo
4%
Chuquisaca
4%
Conakry
4%
Cotopaxi
4%
Cundinamarca
4%
Dubrovnik-Neretva
4%
El Oro
4%
El Wadi El Gedid
4%
Escuintla
4%
Esmeraldas
4%
Etelä-Savo
4%
Guainía
4%
Guanacaste
4%
Guaviare
4%
Harari
4%
Huila
4%
Ismailia
4%
Kainuu
4%
Karlovy Vary
4%
Kukës
4%
La Paz
4%
Magdalena
4%
Manabí
4%
Meta
4%
Niederösterreich
4%
Nordjylland
4%
Ñuble
4%
Pardubice
4%
Pointe-Noire
4%
Prague
4%
Praia
4%
Puntarenas
4%
Putumayo
4%
Qena
4%
Quetzaltenango
4%
Quiché
4%
Quindío
4%
Sal
4%
San Juan
4%
Sankuru
4%
San Marcos
4%
Santa Ana
4%
Santa Elena
4%
Sharqia
4%
Sidama
4%
South Bohemian
4%
Tartu
4%
Totonicapán
4%
Usulután
4%
Uusimaa
4%
Vichada
4%
Vlorë
4%
Vorarlberg
4%
Vysočina
4%
Alajuela
2%
al Baḥr al Aḥmar
2%
Azua
2%
Baucau
2%
Benishangul-Gumuz
2%
Bjelovar-Bilogora
2%
Brod-Posavina
2%
Cartago
2%
Central Ethiopia
2%
Chimaltenango
2%
Chiquimula
2%
Distrito Nacional
2%
Dobrich
2%
El Seibo
2%
Etelä-Pohjanmaa
2%
Gharbia
2%
Harju
2%
Hato Mayor
2%
Hiiu
2%
Independencia
2%
Istria
2%
Izabal
2%
Jalapa
2%
Jutiapa
2%
Kardzhali
2%
Kärnten
2%
Keski-Suomi
2%
Korçë
2%
La Guajira
2%
La Libertad
2%
La Unión
2%
Liberec
2%
Lika-Senj
2%
Limón
2%
Loja
2%
Los Ríos
2%
Lovech
2%
Manufahi
2%
Matrouh
2%
Montana
2%
Moravian-Silesian
2%
Morazán
2%
Morona-Santiago
2%
Mosteiros
2%
Napo
2%
Nariño
2%
Norte de Santander
2%
Olomouc
2%
Orellana
2%
Oruro
2%
Osijek-Baranja
2%
Päijät-Häme
2%
Pando
2%
Pärnu
2%
Pastaza
2%
Peravia
2%
Plzeň
2%
Pohjois-Karjala
2%
Potosí
2%
Puerto Plata
2%
Qalyubiyya
2%
Retalhuleu
2%
Ribeira Brava
2%
Sacatepéquez
2%
Santa Catarina
2%
Santa Rosa
2%
Santo Domingo de los Tsáchilas
2%
San Vicente
2%
Silistra
2%
Sisak-Moslavina
2%
Sololá
2%
Sonsonate
2%
South Ethiopia
2%
South Moravian
2%
Suchitepéquez
2%
Sucre
2%
Sucumbíos
2%
Tarija
2%
Tolima
2%
Tungurahua
2%
Ústí nad Labem
2%
Valle del Cauca
2%
Vaupés
2%
Vidin
2%
Woleu-Ntem
2%
Zacapa
2%
Zamora-Chinchipe
2%
Baoruco
0%
Barahona
0%
Boa Vista
0%
Brava
0%
Dajabón
0%
Dibër
0%
Duarte
0%
Elías Piña
0%
Estuaire
0%
Fier
0%
Gabrovo
0%
Gjirokastër
0%
Haskovo
0%
Haut-Ogooué
0%
Hermanas Mirabal
0%
Ida-Viru
0%
Imbaburas
0%
Järva
0%
Jõgeva
0%
Jwaneng
0%
Kanta-Häme
0%
Karlovac
0%
Keski-Pohjanmaa
0%
Koprivnica-Križevci
0%
Krapina-Zagorje
0%
Kyustendil
0%
La Altagracia
0%
Lääne
0%
Lääne-Viru
0%
La Romana
0%
La Vega
0%
Lezhë
0%
Lobatse
0%
Maio
0%
María Trinidad Sánchez
0%
Međimurje
0%
Menoufia
0%
Monseñor Nouel
0%
Monte Cristi
0%
Moyen-Ogooué
0%
Ngounié
0%
Nimruz
0%
Nyanga
0%
Oecusse-Ambeno
0%
Ogooué-Ivindo
0%
Ogooué-Lolo
0%
Ogooué-Maritime
0%
Panjshir
0%
Paul
0%
Pazardzhik
0%
Pedernales
0%
Pernik
0%
Pichincha
0%
Pirkanmaa
0%
Pleven
0%
Põlva
0%
Porto Novo
0%
Požega-Slavonia
0%
Primorje-Gorski Kotar
0%
Rapla
0%
Razgrad
0%
Réunion
0%
Ribeira Grande
0%
Ribeira Grande de Santiago
0%
Risaralde
0%
Ruse
0%
Saara
0%
Samaná
0%
Sánchez Ramírez
0%
San Cristóbal
0%
San José de Ocoa
0%
San Pedro de Macorís
0%
Santa Catarina do Fogo
0%
São Domingos
0%
São Filipe
0%
São Lourenço dos Órgãos
0%
São Miguel
0%
São Salvador do Mundo
0%
São Vicente
0%
Satakunta
0%
Selebi-Phikwe
0%
Shkodër
0%
Shumen
0%
Šibenik-Knin
0%
Sjælland
0%
Sliven
0%
Smolyan
0%
South West Ethiopia
0%
Sowa
0%
Stara Zagora
0%
Steiermark
0%
Syddanmark
0%
Targovishte
0%
Tarrafal
0%
Tarrafal de São Nicolau
0%
Valga
0%
Varaždin
0%
Veliko Tarnovo
0%
Viljandi
0%
Virovitica-Podravina
0%
Võru
0%
Vratsa
0%
Vukovar-Srijem
0%
Yambol
0%
Zadar
0%
No matching quizzes found
Score Distribution
Percent of People with Each Score
Percentile by Number Answered
Your Score History
You have not taken this quiz